000 01041nam a22002897a 4500
001 03837
003 HDC
007 cr bn ---aaaaa
008 210111t1998 nyu||||| |||| 00| 0 eng
020 _a0-203-22306-3
040 _aHDC
100 _aFirst, Neal L.
_eauthor
_93665
245 0 _aAgricultural Biotechnology. Chapter 21 :
_bTransgenic Dairy Animals for Production of Novel Proteins in Milk / by
_cNeal L. First and Robert D. Bremel
260 _aNew York :
_bMARCEL DEKKER,
_c1998
300 _a10 pages
336 _atext
_2rdacontent
337 _acomputer
_2rdamedia
338 _aonline resource
_2rdacarrier
650 _aAgricultural Biotechnology
_91565
650 _aNovel Proteins
_93667
650 _aTransgenic Dairy Animals
_93666
700 _aBremel, Robert D.
_eauthor
_93668
856 _zRequest full-text at [email protected]
942 _2lcc
942 _cCHAP
942 _kEBCH 001706
999 _c1162
_d1162